[Event "4. EU ch.final"]
[Site "IV EU ch.final"]
[Date "1995.??.??"]
[Round "?"]
[White "Gutop/RUS"]
[Black "Conti/ITA"]
[Result "0-1"]
[WhiteElo "2530"]
[BlackElo "2515"]
[PlyCount "48"]
[EventDate "1995.??.??"]
[Source "www.chesslib.no"]
[SourceDate "2004.05.04"]

1. d4 Nf6 2. c4 g6 3. Nc3 Bg7 4. e4 d6 5. f3 O-O 6. Be3 e5 7. Nge2 Nfd7 8. Qd2 a5 9. O-O-O Nc6 10. h4 a4 11. h5 Nb6 12. hxg6 Nxc4 13. gxh7+ Kh8 14. Qd3 Nxe3 15. Qxe3 exd4 16. Nxd4 a3 17. Bc4 axb2+ 18. Kb1 Nxd4 19. Rxd4 c6 20. Rh5 d5 21. Bb3 Qf6 22. Ra4 Be6 23. Rxa8 Rxa8 24. exd5 cxd5 0-1

[Event "Ciocaltea mem"]
[Site "Bucharest"]
[Date "1998.??.??"]
[Round "3"]
[White "Ionescu, Constantin"]
[Black "Iordachescu, Viorel"]
[Result "1/2-1/2"]
[WhiteElo "2495"]
[BlackElo "2520"]
[PlyCount "116"]
[EventDate "1998.02.??"]
[Source "ChessBase"]
[SourceDate "1998.06.15"]

1. d4 d6 2. e4 Nf6 3. f3 g6 4. c4 Bg7 5. Nc3 O-O 6. Nge2 e5 7. Be3 exd4 8. Nxd4 c6 9. Be2 Re8 10. Qd2 d5 11. exd5 cxd5 12. c5 Nc6 13. Ncb5 Qe7 14. Bf2 Nh5 15. O-O a6 16. Nxc6 bxc6 17. Nd4 Qc7 18. Rfe1 Nf4 19. Bf1 Rxe1 20. Rxe1 Ne6 21. b4 Bd7 22. Nxe6 fxe6 23. f4 a5 24. a3 axb4 25. axb4 Bc8 26. Bd4 Bxd4+ 27. Qxd4 Qg7 28. Qxg7+ Kxg7 29. Kf2 Ra4 30. Rb1 Kf6 31. Bd3 Ba6 32. Bxa6 Rxa6 33. b5 cxb5 34. Rxb5 Kf5 35. g3 Ra2+ 36. Kf3 Ra3+ 37. Ke2 Rc3 38. Kd2 Rc4 39. Kd3 g5 40. fxg5 Kxg5 41. Rb7 h5 42. Rc7 e5 43. c6 e4+ 44. Ke3 Kf5 45. Rh7 d4+ 46. Kd2 Rc3 47. Rd7 e3+ 48. Ke2 Rc2+ 49. Kd3 Rd2+ 50. Kc4 Ke4 51. Re7+ Kf3 52. c7 e2 53. c8=Q Rc2+ 54. Kd3 Rxc8 55. Rxe2 h4 56. gxh4 Rh8 57. Re4 Kg2 58. Kxd4 Kh3 1/2-1/2

[Event "Voronezh simul"]
[Site "Voronezh"]
[Date "1997.??.??"]
[Round "?"]
[White "Karpov, Anatoly"]
[Black "Malashenko, Alyona"]
[Result "1-0"]
[WhiteElo "2760"]
[BlackElo "2250"]
[PlyCount "57"]
[EventDate "1997.??.??"]
[Source "www.chesslib.no"]
[SourceDate "2004.05.04"]

1. d4 Nf6 2. c4 g6 3. Nc3 Bg7 4. e4 d6 5. f3 O-O 6. Be3 e5 7. Nge2 Nc6 8. d5 Na5 9. Nc1 c5 10. Qd2 Nh5 11. a3 b6 12. b4 Nb7 13. Nd3 f5 14. O-O-O cxb4 15. axb4 Qc7 16. c5 bxc5 17. bxc5 dxc5 18. Nb2 Nd6 19. Nb5 Nxb5 20. Bxb5 Qb6 21. Bc6 Rb8 22. Qc3 fxe4 23. fxe4 Nf4 24. Kc2 Qa6 25. Ra1 Qe2+ 26. Qd2 Qxg2 27. Qxg2 Nxg2 28. Bxc5 Rd8 29. Nc4 1-0

[Event "Perth Congress"]
[Site "Perth"]
[Date "1997.??.??"]
[Round "4"]
[White "Rowson, Jonathan"]
[Black "Hodgson, Julian M"]
[Result "0-1"]
[WhiteElo "2445"]
[BlackElo "2560"]
[PlyCount "79"]
[EventDate "1997.??.??"]
[Source "www.chesslib.no"]
[SourceDate "2004.05.04"]

1. e4 g6 2. d4 Bg7 3. c4 d6 4. Ne2 e5 5. Be3 Nf6 6. f3 exd4 7. Nxd4 O-O 8. Nc3 Nc6 9. Qd2 Ne5 10. Be2 a6 11. O-O c5 12. Nc2 Be6 13. b3 Qa5 14. Rfd1 Rfd8 15. Na4 Qc7 16. Rac1 h5 17. Qe1 Bd7 18. Nc3 Bc6 19. a4 Re8 20. Qf2 Rad8 21. b4 cxb4 22. Nxb4 Ned7 23. Qg3 Qa5 24. Nxc6 bxc6 25. Qxd6 Ne5 26. Qc5 Rxd1+ 27. Nxd1 Qxa4 28. Nc3 Qb3 29. Qb6 Qxb6 30. Bxb6 Nfd7 31. Be3 Rb8 32. c5 Rb3 33. Bxa6 Nxf3+ 34. gxf3 Bxc3 35. Rc2 Be5 36. Kf2 Bxh2 37. Bc4 Bg1+ 38. Kxg1 Rxe3 39. Kf2 Ra3 40. Be2 0-1

[Event "Open"]
[Site "?"]
[Date "1997.??.??"]
[Round "?"]
[White "Graf Alexander"]
[Black "Zahariev Zahari"]
[Result "1-0"]
[WhiteElo "2585"]
[BlackElo "2415"]
[PlyCount "119"]
[EventDate "1997.??.??"]
[Source "www.chesslib.no"]
[SourceDate "2004.05.04"]

1. d4 Nf6 2. c4 g6 3. Nc3 d6 4. e4 Bg7 5. f3 O-O 6. Be3 e5 7. Nge2 exd4 8. Nxd4 Nc6 9. Be2 Nh5 10. Qd2 Nxd4 11. Bxd4 Bxd4 12. Qxd4 Nf4 13. g3 Nxe2 14. Kxe2 f5 15. Rae1 fxe4 16. Nxe4 Bf5 17. Nc3 Bd7 18. f4 Bc6 19. Nd5 Bxd5 20. Qxd5+ Kg7 21. Kf3 c6 22. Qd4+ Qf6 23. Re4 Rae8 24. Qxf6+ Kxf6 25. Rd4 Re6 26. Rhd1 Ke7 27. R1d3 Kd7 28. g4 Kc7 29. Re3 Kd7 30. Rxe6 Kxe6 31. Ke4 Rd8 32. Rd3 a6 33. Rh3 Rd7 34. Re3 d5+ 35. Kd4+ Kf6 36. Rb3 dxc4+ 37. Kxc4 h5 38. h3 hxg4 39. hxg4 Rh7 40. Kc5 b5 41. Kxc6 Rh4 42. Kb6 Rxg4 43. Kxa6 Rxf4 44. Kxb5 g5 45. a4 g4 46. Rg3 Rf5+ 47. Kb6 Kg5 48. a5 Rf6+ 49. Kb5 Rf5+ 50. Ka4 Kf4 51. Rg1 Rg5 52. b4 Ke5 53. a6 Rg8 54. Rd1 g3 55. Kb5 Rg7 56. Kb6 Rg6+ 57. Ka5 g2 58. Rg1 Rg7 59. b5 Kd6 60. Kb6 1-0

[Event "JUG-chT"]
[Site "Niksic"]
[Date "1997.??.??"]
[Round "5"]
[White "Bakic, Rados"]
[Black "Markovic, Miroslav"]
[Result "0-1"]
[WhiteElo "2445"]
[BlackElo "2540"]
[PlyCount "102"]
[EventDate "1997.08.27"]
[Source "ChessBase"]
[SourceDate "1997.09.26"]

1. d4 Nf6 2. c4 g6 3. Nc3 Bg7 4. e4 d6 5. f3 O-O 6. Be3 e5 7. Nge2 Na6 8. Qd2 c6 9. O-O-O Be6 10. d5 cxd5 11. cxd5 Bd7 12. Kb1 b5 13. Nc1 Nc7 14. N3e2 a5 15. g4 Qb8 16. Ng3 b4 17. Bh6 Nb5 18. Bxb5 Qxb5 19. h4 Rfc8 20. h5 b3 21. Nxb3 a4 22. Nc1 Bxh6 23. Qxh6 a3 24. b3 Qc5 25. Qd2 Ra7 26. Nd3 Qd4 27. Ne2 Qb6 28. hxg6 fxg6 29. Rc1 Rf8 30. Nb4 Qf2 31. Rhf1 Qg2 32. Nc6 Rb7 33. Qe1 Ne8 34. Rf2 Qh3 35. Qf1 Qh4 36. Rg2 Qg5 37. Rg3 Qd2 38. Rc2 Qd3 39. Qg2 Rxb3+ 40. Kc1 Qe3+ 41. Kd1 Qd3+ 42. Rd2 Rb1+ 43. Nc1 Qe3 44. Rc2 Rf7 45. Qd2 Qb6 46. Qd3 Rb2 47. Rgg2 Rxc2 48. Rxc2 Qg1+ 49. Kd2 Qf2+ 50. Kc3 Qxf3 51. Ne7+ Kf8 0-1

[Event "Vrnjacka Banja"]
[Site "?"]
[Date "1978.??.??"]
[Round "11"]
[White "Nikolac Juraj"]
[Black "Padevsky Nikola"]
[Result "1/2-1/2"]
[WhiteElo "2495"]
[BlackElo "2455"]
[PlyCount "85"]
[EventDate "1978.??.??"]
[Source "www.chesslib.no"]
[SourceDate "2004.05.04"]

1. d4 Nf6 2. c4 g6 3. Nc3 Bg7 4. e4 d6 5. f3 e5 6. Nge2 Nc6 7. Be3 O-O 8. d5 Ne7 9. g3 c5 10. Bg2 Bd7 11. Qd2 Ne8 12. O-O Qc8 13. Nc1 a6 14. a4 b6 15. Nd3 f5 16. Bg5 Bf6 17. Be3 fxe4 18. fxe4 Bg7 19. Rxf8+ Kxf8 20. Nf2 Ng8 21. h3 Nc7 22. b3 Bf6 23. Kh2 Be7 24. Ne2 a5 25. Ng1 Kg7 26. Nf3 Ne8 27. Rf1 h6 28. Qe2 Nef6 29. Bd2 Nh7 30. Bc3 Bf6 31. h4 h5 32. Bh3 Nh6 33. Bd2 Ng4+ 34. Bxg4 Bxg4 35. Qe3 Kg8 36. Kg2 Bxf3+ 37. Qxf3 Qd7 38. Nh3 Rf8 39. Qe2 Bg7 40. Rxf8+ Bxf8 41. Nf2 Be7 42. Qf3 Bd8 43. Nh3 1/2-1/2

[Event "Leeuwarden Open"]
[Site "Leeuwarden NED"]
[Date "1994.??.??"]
[Round "1"]
[White "Sokolov, Ivan"]
[Black "Michalczak, Thomas"]
[Result "1-0"]
[WhiteElo "2650"]
[BlackElo "2290"]
[PlyCount "57"]
[EventDate "1994.07.??"]
[Source "www.chesslib.no"]
[SourceDate "2004.05.04"]

1. d4 Nf6 2. c4 g6 3. Nc3 Bg7 4. e4 d6 5. f3 e5 6. Nge2 Nc6 7. d5 Ne7 8. Be3 O-O 9. Qd2 Ne8 10. g4 f5 11. Rg1 fxg4 12. fxg4 c6 13. g5 Bd7 14. Ng3 a6 15. a4 a5 16. h4 c5 17. O-O-O Nc7 18. Be2 Na6 19. Rh1 Nb4 20. h5 Rf7 21. Kb1 Qc7 22. Nb5 Qb6 23. Rdg1 Re8 24. Bd1 Ref8 25. Qh2 gxh5 26. Nxh5 Bh8 27. Nf6+ Bxf6 28. gxf6+ Ng6 29. Rxg6+ 1-0

[Event "Vrnjacka Banja"]
[Site "Vrnjacka Banja YUG"]
[Date "1988.??.??"]
[Round "?"]
[White "Raicevic, Vladimir"]
[Black "Pavlovic, Milos"]
[Result "1-0"]
[WhiteElo "2475"]
[BlackElo "2460"]
[PlyCount "57"]
[EventDate "1988.04.??"]
[Source "www.chesslib.no"]
[SourceDate "2004.05.04"]

1. d4 Nf6 2. c4 g6 3. Nc3 Bg7 4. e4 d6 5. Nge2 e5 6. f3 O-O 7. Be3 Nbd7 8. d5 Nh5 9. g4 Nf4 10. Nxf4 exf4 11. Bxf4 Ne5 12. h4 f5 13. exf5 gxf5 14. g5 Re8 15. Kf2 c6 16. Qd2 Ng6 17. Be3 c5 18. f4 b5 19. h5 Rxe3 20. Kxe3 Qe8+ 21. Kf2 Bd4+ 22. Kg2 Be3 23. Re1 Nxf4+ 24. Kf3 Bxd2 25. Rxe8+ Kf7 26. Rxc8 Rxc8 27. Nxb5 Rd8 28. Rh2 Bc1 29. Rc2 1-0

[Event "Voronezh 88/476"]
[Site "?"]
[Date "2003.??.??"]
[Round "?"]
[White "Riazantsev, A."]
[Black "Gasanov, E."]
[Result "1-0"]
[WhiteElo "2534"]
[BlackElo "2396"]
[PlyCount "79"]
[EventDate "2003.??.??"]
[Source "Chess Informant"]
[SourceDate "2003.06.01"]

1. d4 Nf6 2. c4 g6 3. Nc3 Bg7 4. e4 O-O 5. Be3 Nc6 6. f3 e5 7. Nge2 d6 8. d5 Ne7 9. Qd2 Nd7 10. g4 f5 11. g5 a6 12. Nc1 c6 13. Nb3 fxe4 14. fxe4 Nb6 15. dxc6 bxc6 16. O-O-O Rxf1 17. Rhxf1 Nxc4 18. Qd3 Be6 19. Rf6 Bxf6 20. gxf6 Nc8 21. Bg5 Qb6 22. f7+ Bxf7 23. Rf1 Qb7 24. Nd1 N8b6 25. Qf3 Be6 26. Bh6 Qe7 27. h4 Nd7 28. h5 Qh4 29. Rg1 d5 30. Nf2 dxe4 31. Nxe4 Bd5 32. Nbc5 Qh2 33. Rg2 Qh1+ 34. Kc2 Qa1 35. Nxd7 Qxb2+ 36. Kd1 Qd4+ 37. Ke1 Qa1+ 38. Kf2 Qd4+ 39. Kg3 Nd6 40. Nxd6 1-0

[Event "Chania op 9th"]
[Site "Chania"]
[Date "1999.08.05"]
[Round "3"]
[White "Mamedova, Rena"]
[Black "Papaioannou, Ioannis"]
[Result "0-1"]
[WhiteElo "2352"]
[BlackElo "2561"]
[PlyCount "78"]
[EventDate "1999.08.03"]
[Source "www.chesslib.no"]
[SourceDate "2004.05.04"]

1. d4 Nf6 2. c4 g6 3. Nc3 Bg7 4. e4 O-O 5. Be3 d6 6. f3 e5 7. Nge2 exd4 8. Nxd4 Nh5 9. Qd2 Nc6 10. O-O-O Ne5 11. Be2 a6 12. g4 Nf6 13. Bh6 Bxh6 14. Qxh6 c5 15. Nc2 b5 16. Ne3 Be6 17. Nf5 Bxf5 18. exf5 b4 19. Nb1 Re8 20. g5 Nh5 21. f4 Ng7 22. fxe5 Nxf5 23. Qh3 Qxg5+ 24. Nd2 Rxe5 25. Rhg1 Qe7 26. Bf3 Rd8 27. Bd5 Ne3 28. Nf3 Rxd5 29. cxd5 Nxd1 30. Rxd1 Qe3+ 31. Kc2 c4 32. Qh4 Rb8 33. Ng5 h5 34. Qg3 b3+ 35. axb3 Qe2+ 36. Kc1 Rxb3 37. Rd2 Qf1+ 38. Rd1 Rxg3 39. Rxf1 Rxg5 0-1

[Event "Alushta"]
[Site "Alushta"]
[Date "2000.??.??"]
[Round "12"]
[White "Riazantsev, Alexander"]
[Black "Arbakov, Valentin"]
[Result "1-0"]
[WhiteElo "2442"]
[BlackElo "2471"]
[PlyCount "75"]
[EventDate "2000.??.??"]
[Source "www.chesslib.no"]
[SourceDate "2004.05.04"]

1. d4 Nf6 2. c4 g6 3. Nc3 Bg7 4. e4 d6 5. f3 O-O 6. Be3 e5 7. Nge2 Nc6 8. d5 Ne7 9. Qd2 Ne8 10. O-O-O f5 11. h3 Nf6 12. g4 h5 13. g5 Ne8 14. Kb1 Bd7 15. h4 a6 16. Nc1 Qb8 17. Nb3 b6 18. Be2 Rf7 19. Rc1 Bf8 20. Rc2 Nc8 21. Nc1 Ng7 22. b4 Be7 23. Nb3 Na7 24. Re1 Kh7 25. Kc1 Nc8 26. c5 fxe4 27. fxe4 dxc5 28. bxc5 b5 29. Na5 Na7 30. Nd1 c6 31. Nb2 Bd8 32. Nd3 cxd5 33. exd5 e4 34. Nb2 Nf5 35. Nb3 Qg3 36. Bf4 Qxh4 37. Rf1 e3 38. Bxe3 1-0

[Event "WchT 1st"]
[Site "Luzern"]
[Date "1985.??.??"]
[Round "6"]
[White "Quinteros, Miguel Angel"]
[Black "Afifi, Assem"]
[Result "1-0"]
[WhiteElo "2530"]
[BlackElo "2370"]
[PlyCount "137"]
[EventDate "1985.11.??"]
[Source "ChessBase"]

1. c4 g6 2. e4 Bg7 3. d4 d6 4. Nc3 Nf6 5. f3 O-O 6. Nge2 Nc6 7. Be3 e5 8. d5 Ne7 9. g4 Ne8 10. Qd2 f5 11. h3 Nf6 12. O-O-O a6 13. Kb1 Bd7 14. a3 h5 15. g5 Ne8 16. Nc1 Rb8 17. Nd3 c5 18. b4 b6 19. Ka2 a5 20. bxa5 Nc8 21. Rb1 Ra8 22. axb6 Nxb6 23. Nb2 Nc7 24. Be2 f4 25. Bf2 Qxg5 26. Ra1 Rfb8 27. Kb1 Na4 28. Ncxa4 Bxa4 29. Rg1 Qf6 30. Bd1 Bd7 31. h4 Kh7 32. Kc1 Qd8 33. Be1 Bf6 34. Rh1 Rb7 35. Qc3 Qe8 36. Rh2 Bd8 37. Nd3 Rab8 38. Rb2 Rxb2 39. Nxb2 Be7 40. Qd2 Qd8 41. Qh2 Ra8 42. Bb3 Qb8 43. Kc2 Ra7 44. Bc3 Rb7 45. Ba2 Qd8 46. Be1 Qa8 47. Bb1 Ra7 48. Kb3 Qb8+ 49. Kc2 Na8 50. a4 Nc7 51. a5 Na6 52. Nd3 Rb7 53. Kc1 Bd8 54. Bc2 Nb4 55. Nxb4 cxb4 56. Ba4 Qa7 57. Bxd7 Rxd7 58. Qe2 Rc7 59. Kb1 Qd4 60. a6 Rxc4 61. Qd2 Qa7 62. Bf2 Qa8 63. a7 Rc3 64. Ra4 Rb3+ 65. Ka2 Rxf3 66. Qe2 Rc3 67. Rxb4 Rc8 68. Qa6 Kh6 69. Kb3 1-0

[Event "It (open) \"]
[Site "Minsk (Belarus)"]
[Date "2007.07.12"]
[Round "3"]
[White "Gasanov Eldar (UKR)"]
[Black "Kochetkov German (BLR)"]
[Result "1/2-1/2"]
[WhiteElo "2500"]
[BlackElo "2396"]
[PlyCount "88"]
[EventDate "2007.??.??"]
[Source "www.chesslib.no"]
[SourceDate "2004.05.04"]

1. d4 Nf6 2. c4 g6 3. Nc3 Bg7 4. e4 O-O 5. Be3 d6 6. f3 Nc6 7. Nge2 e5 8. d5 Ne7 9. g4 Ne8 10. Ng3 f5 11. gxf5 gxf5 12. Nh5 Ng6 13. Nxg7 Nxg7 14. Kd2 Qh4 15. Kc2 Nh5 16. Qd2 Ng3 17. Rg1 Nxf1 18. Raxf1 f4 19. Bf2 Qh5 20. h4 Bh3 21. Rg5 Qxg5 22. hxg5 Bxf1 23. c5 b6 24. Qd1 Bh3 25. Qh1 Bd7 26. c6 Bc8 27. b4 Rf7 28. a4 a6 29. Nd1 Rg7 30. Qh5 Kf8 31. Kd2 Nh8 32. Bh4 Nf7 33. Nf2 a5 34. b5 Nh8 35. g6 Nxg6 36. Qg5 Rf7 37. Qh6+ Kg8 38. Kd3 Ra7 39. Ke2 Rf8 40. Bg5 Ra8 41. Qh5 Re8 42. Bh6 Ra7 43. Qg5 Kf7 44. Kd3 Ra8 1/2-1/2

[Event "Bonn Staudte Memorial"]
[Site "Bonn"]
[Date "1979.08.??"]
[Round "9"]
[White "Behling, Robert"]
[Black "Sahovic, Dragutin"]
[Result "1/2-1/2"]
[WhiteElo "2375"]
[BlackElo "2520"]
[PlyCount "23"]
[EventDate "1979.??.??"]
[Source "www.chesslib.no"]
[SourceDate "2004.05.04"]

1. c4 g6 2. Nc3 Bg7 3. e4 d6 4. d4 Nf6 5. f3 O-O 6. Be3 e5 7. Nge2 Nc6 8. d5 Ne7 9. Qd2 c6 10. dxc6 bxc6 11. Rd1 Be6 12. Qxd6 1/2-1/2

[Event "Katerini op"]
[Site "Katerini"]
[Date "1992.??.??"]
[Round "?"]
[White "Alterman, Boris"]
[Black "Kofidis, Andreas"]
[Result "1/2-1/2"]
[WhiteElo "2545"]
[BlackElo "2350"]
[PlyCount "82"]
[EventDate "1992.08.??"]
[Source "ChessBase"]

1. d4 Nf6 2. c4 d6 3. Nc3 g6 4. e4 Bg7 5. f3 O-O 6. Be3 e5 7. Nge2 exd4 8. Nxd4 Nc6 9. Be2 Nh5 10. Nxc6 bxc6 11. O-O Nf6 12. Qd2 c5 13. Rad1 Qe7 14. Rfe1 Bb7 15. Bf1 Nd7 16. b3 Ne5 17. Bg5 f6 18. Bh4 g5 19. Bg3 f5 20. Nd5 Bxd5 21. Qxd5+ Qf7 22. exf5 Qxd5 23. cxd5 Rxf5 24. Re4 h5 25. h3 Raf8 26. b4 Nxf3+ 27. gxf3 Rxf3 28. Kg2 h4 29. Bxh4 gxh4 30. bxc5 Rf2+ 31. Kg1 dxc5 32. d6 Bd4 33. Bc4+ Kg7 34. Rg4+ Kh6 35. Rxh4+ Kg5 36. Rg4+ Kh5 37. Rdxd4 cxd4 38. d7 R2f6 39. Rxd4 Rd8 40. Be2+ Kg5 41. Bg4 Rd6 1/2-1/2

[Event "Ch SKESK"]
[Site "Greece"]
[Date "1995.??.??"]
[Round "1"]
[White "Karayannis, Athanasios"]
[Black "Kotronias, Vasilios"]
[Result "0-1"]
[WhiteElo "2320"]
[BlackElo "2570"]
[PlyCount "108"]
[EventDate "1995.??.??"]
[Source "www.chesslib.no"]
[SourceDate "2004.05.04"]

1. d4 Nf6 2. c4 g6 3. Nc3 Bg7 4. e4 d6 5. f3 O-O 6. Be3 e5 7. dxe5 dxe5 8. Qc2 c6 9. Rd1 Nbd7 10. c5 Qe7 11. Na4 b5 12. cxb6 axb6 13. a3 b5 14. Nc5 Re8 15. Nh3 Nxc5 16. Bxc5 Qb7 17. Nf2 Nd7 18. Be3 c5 19. Nd3 c4 20. Nb4 Nf8 21. g3 Ne6 22. Bg2 Nd4 23. Qf2 Be6 24. O-O Rad8 25. f4 Bg4 26. Rd2 Nb3 27. Rxd8 Rxd8 28. Nd5 exf4 29. Qxf4 Be6 30. Qh4 Re8 31. Nf6+ Bxf6 32. Qxf6 Qe7 33. Qc3 Qf8 34. h4 Qg7 35. e5 Bf5 36. Bf4 Qf8 37. Qe3 Rd8 38. Kh2 Qc5 39. Qe1 Nd4 40. Bg5 Rd7 41. Bf6 Ne6 42. h5 Qf8 43. Qc1 Bg4 44. Be4 Rd4 45. Bf3 Bxf3 46. Rxf3 Qa8 47. Qe3 Qd5 48. Rf2 Rd1 49. Rg2 Nd4 50. hxg6 fxg6 51. e6 Nf3+ 52. Kh3 Qh5+ 53. Bh4 Rh1+ 54. Rh2 Rxh2# 0-1

[Event "RUS-chT"]
[Site "Orel"]
[Date "1996.??.??"]
[Round "?"]
[White "Akhmadeev, Vadim"]
[Black "Zaitsev, Igor A"]
[Result "1/2-1/2"]
[WhiteElo "2425"]
[BlackElo "2460"]
[PlyCount "101"]
[EventDate "1996.??.??"]
[Source "www.chesslib.no"]
[SourceDate "2004.05.04"]

1. d4 Nf6 2. c4 d6 3. Nc3 g6 4. e4 Bg7 5. f3 O-O 6. Be3 Nc6 7. Nge2 e5 8. d5 Na5 9. Nc1 c5 10. g4 a6 11. Bd3 Bd7 12. b3 h5 13. h3 Nh7 14. Qd2 Bf6 15. Kd1 Bg5 16. gxh5 Bxe3 17. Qxe3 Qg5 18. Qf2 Qxh5 19. Be2 Qh6 20. Kc2 f5 21. Qg2 Nf6 22. Bd3 fxe4 23. fxe4 Nh5 24. N1e2 Nf4 25. Nxf4 Rxf4 26. Ne2 Rf6 27. Raf1 Raf8 28. Rxf6 Rxf6 29. Qg3 b5 30. h4 Nb7 31. Rg1 Nd8 32. Qg5 Qxg5 33. Rxg5 Nf7 34. Rg2 Kh7 35. cxb5 axb5 36. a3 Rf3 37. Nc3 Kh6 38. Bxb5 Rxc3+ 39. Kxc3 Bxb5 40. a4 Ba6 41. Rf2 Kg7 42. Rb2 g5 43. Rg2 Kh6 44. hxg5+ Nxg5 45. Rh2+ Kg6 46. Rh4 Nf3 47. Rh3 Ng5 48. Rh4 Nh7 49. Kd2 Nf6 50. Ke3 Kg7 51. Rh1 1/2-1/2

[Event "Orel2"]
[Site "Orel"]
[Date "1994.??.??"]
[Round "1"]
[White "Iskusnyh, Sergei"]
[Black "Zaitsev, Igor A"]
[Result "0-1"]
[WhiteElo "2450"]
[BlackElo "2430"]
[PlyCount "76"]
[EventDate "1994.??.??"]
[Source "www.chesslib.no"]
[SourceDate "2004.05.04"]

1. d4 Nf6 2. c4 g6 3. Nc3 Bg7 4. e4 d6 5. f3 O-O 6. Be3 Nc6 7. Nge2 e5 8. d5 Na5 9. Ng3 c5 10. Qd2 a6 11. Bd3 b5 12. cxb5 axb5 13. O-O b4 14. Nce2 Ba6 15. b3 Bxd3 16. Qxd3 Nb7 17. Qd2 Ne8 18. Rae1 Nc7 19. f4 Bh6 20. f5 Bxe3+ 21. Qxe3 Qh4 22. Nc1 f6 23. Qe2 Ra5 24. Rf2 Nb5 25. Qd3 Nd4 26. Re3 Rf7 27. Nge2 gxf5 28. exf5 Rg7 29. Ng3 Qh6 30. Ne4 c4 31. bxc4 Ra3 32. Nb3 Nxb3 33. axb3 Ra1+ 34. Rf1 Rxf1+ 35. Kxf1 Qxh2 36. Rg3 Rxg3 37. Nxg3 Qh4 38. Qf3 Qh2 0-1

[Event "HUN-ch"]
[Site "Budapest"]
[Date "1976.??.??"]
[Round "7"]
[White "Eperjesi, Laszlo"]
[Black "Barczay, Laszlo"]
[Result "0-1"]
[WhiteElo "2395"]
[BlackElo "2485"]
[PlyCount "92"]
[EventDate "1976.12.??"]
[Source "ChessBase"]

1. d4 Nf6 2. c4 g6 3. Nc3 Bg7 4. e4 O-O 5. Be3 d6 6. f3 e5 7. dxe5 dxe5 8. Qxd8 Rxd8 9. Nd5 Nxd5 10. cxd5 c6 11. Bc4 b5 12. Bb3 Bb7 13. Rc1 a5 14. a3 a4 15. Ba2 b4 16. axb4 a3 17. bxa3 Rxa3 18. Bb6 Rc8 19. Rc2 Nd7 20. dxc6 Rxc6 21. Bc5 Bf8 22. Bd5 Rc7 23. Bxb7 Ra1+ 24. Kf2 Rxb7 25. g4 Rc7 26. Kg2 Nxc5 27. bxc5 Rxc5 28. Rxc5 Bxc5 29. Nh3 Ra2+ 30. Kg3 h6 31. Rc1 Be3 32. Re1 Bd4 33. Rc1 g5 34. Rf1 Kf8 35. Nf2 Be3 36. Nh3 Ke7 37. Re1 Bd4 38. Rb1 Kd6 39. Rc1 Be3 40. Rc3 Re2 41. Rd3+ Ke6 42. Rd1 Bd2 43. Rf1 Kd6 44. Nf2 Kc5 45. Kh3 Bf4 46. Rd1 Rxf2 0-1

[Event "Manila"]
[Site "Manila PHI"]
[Date "1973.11.03"]
[Round "13"]
[White "Ivkov, Borislav"]
[Black "Ardiansyah, Haji"]
[Result "1-0"]
[WhiteElo "2520"]
[BlackElo "2350"]
[PlyCount "139"]
[EventDate "1973.10.??"]
[Source "www.chesslib.no"]
[SourceDate "2004.05.04"]

1. c4 Nf6 2. d4 g6 3. Nc3 Bg7 4. e4 d6 5. f3 O-O 6. Be3 Nc6 7. Nge2 e5 8. d5 Ne7 9. Qd2 Ne8 10. O-O-O f5 11. h3 a6 12. Kb1 Nf6 13. g4 f4 14. Bf2 Bd7 15. c5 b5 16. c6 Be8 17. Nc1 b4 18. Na4 a5 19. Bc4 Bf7 20. b3 Ne8 21. h4 h6 22. Qe2 Qc8 23. Nd3 Kh7 24. g5 h5 25. Ndb2 Bh8 26. Qc2 Qb8 27. Bf1 Nc8 28. Qd3 Ng7 29. Qb5 Qxb5 30. Bxb5 Ne7 31. Bf1 Rfb8 32. Rh2 Ne8 33. Nc4 Nc8 34. Be1 Bg7 35. Bh3 Ne7 36. Rc2 Rb5 37. Rcd2 Kg8 38. Bf1 Rbb8 39. Rc2 Nc8 40. Bh3 Ne7 41. a3 Rb5 42. axb4 axb4 43. Bf1 Rbb8 44. Bh3 Kf8 45. Ncb2 Ra5 46. Nc4 Raa8 47. Bf1 Bg8 48. Ncb2 Bh8 49. Bc4 Ng7 50. Nd3 Ngf5 51. exf5 gxf5 52. Nxb4 e4 53. Ka2 e3 54. Na6 Rxa6 55. Bxa6 Bxd5 56. Rxd5 Nxd5 57. Ka3 Ra8 58. Bc4 Ne7 59. Be2 d5 60. Bb4 Kf7 61. Bxe7 Kxe7 62. b4 Kd6 63. Kb3 Bd4 64. b5 Re8 65. Nc3 Bb6 66. Na4 Bd4 67. Nb2 Ra8 68. Rc1 Rb8 69. Rd1 Bc5 70. Bc4 1-0

[Event "It (Open) Krakow POL"]
[Site "?"]
[Date "2005.12.28"]
[Round "2"]
[White "Malaniuk Vladimir P"]
[Black "Bulski Krzysztof"]
[Result "1-0"]
[WhiteElo "2526"]
[BlackElo "2337"]
[PlyCount "119"]
[EventDate "2005.??.??"]
[Source "www.chesslib.no"]
[SourceDate "2004.05.04"]

1. d4 Nf6 2. c4 g6 3. Nc3 Bg7 4. e4 d6 5. f3 O-O 6. Be3 e5 7. Nge2 Nc6 8. d5 Ne7 9. Qd2 Nd7 10. g4 f5 11. h3 a5 12. O-O-O f4 13. Bf2 g5 14. h4 h6 15. hxg5 hxg5 16. Nb5 b6 17. Nec3 Ng6 18. Bd3 Kf7 19. Bc2 Rh8 20. Rxh8 Bxh8 21. b3 Bf6 22. a3 Nh4 23. Qe2 Nc5 24. Kb2 Na6 25. Na2 Bd7 26. Nbc3 Nc5 27. Rg1 Be7 28. b4 axb4 29. axb4 Nb7 30. Nc1 Qb8 31. Nb3 Qa7 32. Ra1 Qb8 33. Rxa8 Qxa8 34. Nd2 Kg7 35. Qd1 Qa6 36. Ba4 Bxa4 37. Qxa4 Qxa4 38. Nxa4 Kf7 39. Nc3 Ke8 40. Kb3 Kd7 41. Ka4 Kc8 42. Kb5 Kb8 43. Na4 Kc8 44. Nxb6+ cxb6 45. Bxb6 Ng2 46. c5 dxc5 47. bxc5 Ne3 48. Kc6 Bd8 49. Bxd8 Nxd8+ 50. Kd6 Nb7+ 51. Kxe5 Nxc5 52. Kf6 Kd7 53. Kxg5 Nd3 54. Kf6 Kd6 55. g5 Ne5 56. g6 Nd7+ 57. Kg5 Ke7 58. Kxf4 Nc2 59. Kg5 Nd4 60. f4 1-0

[Event "Corr"]
[Site "?"]
[Date "2002.06.15"]
[Round "?"]
[White "Fuzishawa Richard Mitsuo (BRA"]
[Black "Shulman Boris Yakovlevich ("]
[Result "1/2-1/2"]
[WhiteElo "2489"]
[BlackElo "2367"]
[PlyCount "93"]
[EventDate "2002.??.??"]
[Source "www.chesslib.no"]
[SourceDate "2004.05.04"]

1. d4 Nf6 2. c4 g6 3. Nc3 Bg7 4. e4 d6 5. f3 O-O 6. Be3 e5 7. dxe5 dxe5 8. Bc5 Re8 9. g4 Nc6 10. Qxd8 Rxd8 11. g5 Nd7 12. Be3 Nd4 13. O-O-O c6 14. b3 Nc5 15. h4 Nce6 16. Kb1 Bf8 17. Bh3 Bc5 18. Na4 Ba3 19. Rh2 b6 20. Bg4 Be7 21. Ne2 Ba6 22. Nc1 b5 23. cxb5 Bxb5 24. Nc3 Ba6 25. Rhh1 Nf4 26. Rd2 f5 27. gxf6 Bxf6 28. h5 g5 29. Rhd1 Rab8 30. Na4 Rb5 31. Nb2 Ra5 32. Bxf4 gxf4 33. Ncd3 Kf7 34. Nb4 Bb5 35. h6 Be7 36. N4d3 Bxd3+ 37. Nxd3 Bf6 38. Nb2 Rb5 39. Bf5 Nxf5 40. Rxd8 Bxd8 41. exf5 Rd5 42. Rg1 Kf6 43. Kc2 Kxf5 44. Rg7 e4 45. fxe4+ Kxe4 46. Rxh7 Rh5 47. Nc4 1/2-1/2

[Event "Budapest FS02 GM"]
[Site "Budapest"]
[Date "1996.??.??"]
[Round "1"]
[White "Shinkevich, Vitaly"]
[Black "Enders, Peter"]
[Result "1/2-1/2"]
[WhiteElo "2360"]
[BlackElo "2495"]
[PlyCount "69"]
[EventDate "1996.02.??"]
[Source "ChessBase"]

1. c4 Nf6 2. Nc3 g6 3. e4 d6 4. d4 Bg7 5. f3 O-O 6. Be3 Nc6 7. Qd2 e5 8. Nge2 exd4 9. Nxd4 Nxd4 10. Bxd4 c6 11. Be2 Be6 12. O-O Qa5 13. a3 a6 14. Rfd1 Rfd8 15. Rac1 Ne8 16. Bxg7 Kxg7 17. Qd4+ Qe5 18. Rd2 Qxd4+ 19. Rxd4 Kf8 20. Kf2 Ke7 21. Rd2 Rdb8 22. Na2 Rc8 23. Nb4 a5 24. Nc2 Nc7 25. Rcd1 Rd8 26. Nd4 c5 27. Nc2 a4 28. Ne3 f6 29. Nd5+ Bxd5 30. exd5 Re8 31. Bd3 Kf7 32. Re2 Ra6 33. Rb1 Na8 34. Rxe8 Kxe8 35. Ke2 1/2-1/2